Tous les longs métrages de Martin Scorsese - Statistiques

Statistiques générales
  • Ce quiz a été pris 33 fois
  • Le résultat moyen est 14 sur 27
Statistiques - réponses
Date Réponse % Correct
1990 Les Affranchis
97%
1995 Casino
90%
2013 Le Loup de Wall Street
83%
2023 Killers of the flower moon
79%
1976 Taxi Driver
79%
1980 Raging Bull
76%
2019 The Irishman
76%
2006 Les Infiltrés
72%
1973 Mean Streets
72%
2010 Shutter Island
69%
2002 Gangs of New York
62%
2004 Aviator
59%
1977 New York, New York
52%
2016 Silence
52%
1983 La Valse des pantins
48%
1991 Les Nerfs à vif
45%
1985 After Hours
38%
2011 Hugo Cabret
38%
1997 Kundun
38%
1986 La Couleur de l'argent
34%
1999 À tombeau ouvert
31%
1988 La Dernière Tentation du Christ
31%
1974 Alice n'est plus ici
28%
1993 Le Temps de l'innocence
28%
1972 Bertha Boxcar
21%
1967 Who's That Knocking at My Door
21%
1989 New York Stories
17%
Aucun quiz correspondant
Distribution des résultats
% des personnes avec chaque résultat
Percentile par nombre de réponses
Votre historique - résultats
Vous n’avez pas pris ce quiz